| 000 | 01141cac a22002891u 4500 | ||
|---|---|---|---|
| 090 | _c8212 | ||
| 008 | 081130t2008 xxu||||| |||| 00| 0 eng d | ||
| 010 | _a 2007934035 | ||
| 020 | _a9781846288401 (pbk.) | ||
| 020 | _a1846288401 (pbk.) | ||
| 035 | _a(OCoLC)ocn156891485 | ||
| 082 | 0 | 4 |
_a004.36 _bBRO |
| 100 | 1 | _aBrooke, Phillip J. | |
| 245 | 1 | 0 |
_aPractical distributed processing / _cPhillip J. Brooke and Richard F. Paige. |
| 260 |
_aLondon : _bSpringer, _cc2008. |
||
| 300 |
_axiv, 270 p. : _bill. ; _c24 cm. |
||
| 440 | 0 | _aUndergraduate topics in computer science, | |
| 500 | _aDistributer: Al-Ahram. | ||
| 504 | _aIncludes bibliographical references (p. [247]-252) and index. | ||
| 511 | _aCatalogued By: Mahitab. | ||
| 650 | 0 |
_aElectronic data processing _xDistributed processing. |
|
| 700 | 1 | _aPaige, Richard F. | |
| 856 | 4 | 2 |
_3Publisher description _uhttp://www.loc.gov/catdir/enhancements/fy0825/2007934035-d.html |
| 856 | 4 | 1 |
_3Table of contents only _uhttp://www.loc.gov/catdir/enhancements/fy0825/2007934035-t.html |
| 942 |
_cBB _k004.36BRO _2ddc |
||
| 999 |
_c8212 _d8212 |
||